000 00495nam a22001817a 4500
001 10053
003 FISKH
005 20260402105031.0
008 260402b cb ||||| |||| 00| 0 eng d
020 _a9787552547443
040 _aFISKH
_bbing ( chi-eng)
_cFISKH
_dFISKH
082 _a155.4
100 _a英国
245 _a《小猪佩奇 我有好习惯》:
_c英国
_bMy responsibility /
300 _a31 pages :
_bcolor illustrations ;
_c22 cm .
942 _2ddc
_cBOOK
_n0
999 _c10053
_d10053